000 00441nam a2200181Ia 4500
005 20250603144905.0
008 250603s9999 xx 000 0 und d
020 _a9781005450236
050 _aHD 62.5 .F33/
100 _aFadeyi, Lawrence Akinkunle
245 0 _aEntrepreneurship: unemployment solution
260 _aNew York
260 _bCandova Limited.
260 _c2022
300 _a255 p
650 _aNew York
942 _cBK
999 _c40252
_d40252